“Chat-Up”: The role of competition in street-level bureaucrats' willingness to break technological rules and use generative pre-trained transformers (GPTs) (Record no. 530167)

000 -LEADER
fixed length control field 01418nam a22001337a 4500
008 - FIXED-LENGTH DATA ELEMENTS--GENERAL INFORMATION
fixed length control field 250529b ||||| |||| 00| 0 eng d
100 ## - MAIN ENTRY--PERSONAL NAME
Personal name Frisch-Aviram, Neomi Lotta, Gabriela Spanghero and Carvalho, Luciana Jordão De
245 ## - TITLE STATEMENT
Title “Chat-Up”: The role of competition in street-level bureaucrats' willingness to break technological rules and use generative pre-trained transformers (GPTs)
260 ## - PUBLICATION, DISTRIBUTION, ETC. (IMPRINT)
Place of publication, distribution, etc Public Administration Review
300 ## - PHYSICAL DESCRIPTION
Extent 85(2), Mar, 2025: p.468-485
520 ## - SUMMARY, ETC.
Summary, etc Organizations worldwide are concerned about workers using generative pretrained transformers (GPTs), which can generate human-like text in seconds at work. These organizations are setting rules on how and when to use GPTs. This article focuses on street-level bureaucrats' (SLBs) intentions to use GPTs even if their public organization does not allow its use (tech rule-breaking). Based on a mixed-methods exploratory design, using focus groups (N = 14) and a survey experiment (N = 279), we demonstrate that SLBs intend to break the rules and use GPTs when their competitors from the private sector have access to artificial intelligence (AI) tools. We discuss these findings in the context of hybrid forms of public management and the Promethean moment of GPTs.- Reproduced

https://onlinelibrary.wiley.com/doi/10.1111/puar.13824
773 ## - HOST ITEM ENTRY
Main entry heading Public Administration Review
942 ## - ADDED ENTRY ELEMENTS (KOHA)
Item type Articles

No items available.

Powered by Koha